000
00241 a2200109 4500
001
158024
040
_c
Magnum
240
1
0
_a
Cd-rom bh 100 nossa historia
_l
245
1
0
_a
Cd-rom bh 100 nossa historia
697
_a
MORAL E CIVICA
942
_c
BK
999
_c
158024
_d
158024